Keep it simple and succed : 10 effective ways to motivate yourself and others

Bibliographic Details
Main Author: Williams, Larry R.
Corporate Author: Title
Format: Book
Published: Kuala Lumpur : Golden Books Centre , 1995
Subjects:

MARC

LEADER 00000cam a2200000 7i4500
001 0000014381
005 20080229.0
008 080229
020 |a 9837201401 
090 0 0 |a 658.314   |b WIL 
100 1 |a Williams, Larry R. 
245 1 0 |a Keep it simple and succed :   |b 10 effective ways to motivate yourself and others   |c Larry R. Williams 
260 |a Kuala Lumpur :   |b Golden Books Centre ,   |c 1995 
650 0 |a Employee motivation 
650 0 |a Motivation 
710 0 |a Title 
999 |a 0001011257   |b Book   |c Adult Collection   |e Perbadanan Perpustakaan Awam Johor 
999 |a 0001011258   |b Book   |c Adult Collection   |e Cawangan Urban Transformation Centre